| 000 | 00871nam a2200265 i 4500 | ||
|---|---|---|---|
| 001 | 000027724 | ||
| 003 | DO-SdBNP | ||
| 005 | 20240509094150.0 | ||
| 007 | ta | ||
| 008 | 110404s1994 dr 000 0 spa d | ||
| 020 | _a8460504395 | ||
| 040 |
_aDO-SdBNP _bspa _cBNPHU _erda |
||
| 082 | 4 |
_bR831p _222 |
|
| 100 | 1 |
_aRossi, Máximo, _954799 _eautor |
|
| 245 | 1 | 0 |
_aPraxis, historia y filosofía en el siglo XVIII : _btextos de Antonio Sánchez Valverde (1729-90) / _cMáximo Rossi, JR. |
| 264 |
_aSanto Domingo : _bTaller, _c1994. |
||
| 300 |
_a213 páginas ; _c24 cm. |
||
| 336 |
_2rdacontent _atexto _btxt |
||
| 337 |
_2rdamedia _asin mediación _bn |
||
| 338 |
_2rdacarrier _avolumen _bnc |
||
| 500 | _aIncluye referencias bibliográficas y notas al pie de las páginas | ||
| 504 | _aBibliografía : p. 189-213 | ||
| 590 | _aInventariado, 2024/BT | ||
| 942 |
_2ddc _cLBS1 |
||
| 999 |
_c27216 _d27216 |
||